| 000 | 00673nam a22002057a 4500 | ||
|---|---|---|---|
| 999 |
_c17032 _d17032 |
||
| 003 | AR-CdUCM | ||
| 008 | 190319b ||||| |||| 00| 0 spa d | ||
| 040 |
_aMUNICIPALIDAD PROVINCIAL DEL CUSCO _cBIBLIOTECA MUNICIPAL DEL CUSCO |
||
| 082 |
_a869.508 / _bA8 |
||
| 245 | _aAntología de la poesía peruana (1911 - 1960) / | ||
| 260 |
_aLima : _bPeisa, _c1973. |
||
| 300 |
_a1 tomo ; _c17.5 cm. |
||
| 505 | _aContenido : Poesías | ||
| 650 |
_aPoesía peruana _911982 |
||
| 650 |
_aPoetas peruanos _91611 |
||
| 650 |
_aAntología - Poesía _920063 |
||
| 700 |
_aEscobar, Alberto (Prólogo, selección y notas) _911470 |
||
| 942 |
_2ddc _cLIBROS |
||
| 945 |
_arah _d07/05/2019 |
||